<?xml version="1.0" encoding="UTF-8"?>
<collection xmlns:xsi="http://www.w3.org/2001/XMLSchema-instance" xsi:schemaLocation="http://www.loc.gov/MARC21/slim http://www.loc.gov/standards/marcxml/schema/MARC21slim.xsd" xmlns="http://www.loc.gov/MARC21/slim">
 <record>
  <leader>00000cam a22000004a 4500</leader>
  <controlfield tag="001">UP-99796217609624400</controlfield>
  <controlfield tag="003">Buklod</controlfield>
  <controlfield tag="005">20240425081412.0</controlfield>
  <controlfield tag="006">aa    r     ||| u </controlfield>
  <controlfield tag="007">ta</controlfield>
  <controlfield tag="008">240425s2009    xx      r    |||| u|    |</controlfield>
  <datafield tag="020" ind1=" " ind2=" ">
   <subfield code="a">9781847208378 (hbk.)</subfield>
  </datafield>
  <datafield tag="035" ind1=" " ind2=" ">
   <subfield code="a">(iLib)UPD-00142002423</subfield>
  </datafield>
  <datafield tag="040" ind1=" " ind2=" ">
   <subfield code="a">DECON</subfield>
   <subfield code="e">rda</subfield>
  </datafield>
  <datafield tag="041" ind1="0" ind2=" ">
   <subfield code="a">eng</subfield>
  </datafield>
  <datafield tag="042" ind1=" " ind2=" ">
   <subfield code="a">DMLUC</subfield>
  </datafield>
  <datafield tag="090" ind1="0" ind2="0">
   <subfield code="a">HB 87</subfield>
   <subfield code="b">P56 2009 v.1</subfield>
  </datafield>
  <datafield tag="245" ind1="0" ind2="0">
   <subfield code="a">Milton Friedman, Robert E. Lucas, Jr. and Edmund S. Phelphs</subfield>
   <subfield code="c">edited by Howard R. Vane and Chris Mulhearn.</subfield>
  </datafield>
  <datafield tag="264" ind1=" " ind2="1">
   <subfield code="a">Cheltenham, [England]</subfield>
   <subfield code="b">Edward Elgar Pub.</subfield>
   <subfield code="c">c2009.</subfield>
  </datafield>
  <datafield tag="300" ind1=" " ind2=" ">
   <subfield code="a">xi, 477 p</subfield>
  </datafield>
  <datafield tag="490" ind1="1" ind2=" ">
   <subfield code="a">Pioneering papers of the Nobel Memorial Laureates in economics</subfield>
   <subfield code="v">v. 1</subfield>
  </datafield>
  <datafield tag="490" ind1="0" ind2=" ">
   <subfield code="a">An Elgar reference collection</subfield>
  </datafield>
  <datafield tag="505" ind1="0" ind2="0">
   <subfield code="a">Part 1 - Milton Friedman -- The methodology of positive economics -- The case for flexible exchange rates -- Essays in positive economics -- The quantity theory of money - a restatement -- Studies in the quantity theory of money -- Money and business cycle -- Review of economics and statistics -- Supplement -- The role of monetary policy -- American economic review -- Nobel lecture: inflation and unemployment -- Journal of political economy&#13;
&#13;
Part 2 - Robert E. Lucas, Jr. -- Expectations and the neutrality of money -- Journal of political economic -- Some international evidence on output-inflation tradeoffs -- American economic review -- An equilibrium model of the business cycle -- Economic policy evaluation: a critique -- Asset prices in an exchange economy -- On the mechanics of economic development &#13;
&#13;
Part 3 - Edmund S. Phelps -- The golden rule of accumulation: a fable for growthmen -- Models of technical progress and the golden rule of research -- Phillips curves, expectation of inflation and optimal unemployment over time -- Money-wage dyanamics and labor-market equilibrium -- On second-best national saving and game-equilibrium growth -- Stabilizing powers of monetary policy under rational expectations </subfield>
  </datafield>
  <datafield tag="600" ind1="1" ind2="0">
   <subfield code="a">Friedman, Milton</subfield>
   <subfield code="d">1912-2006.</subfield>
  </datafield>
  <datafield tag="600" ind1="1" ind2="0">
   <subfield code="a">Lucas, Robert E.</subfield>
   <subfield code="d">1937-.</subfield>
  </datafield>
  <datafield tag="600" ind1="1" ind2="0">
   <subfield code="a">Phelps, Edmund S.</subfield>
   <subfield code="d">1933-.</subfield>
  </datafield>
  <datafield tag="650" ind1="0" ind2="0">
   <subfield code="a">Economics.</subfield>
  </datafield>
  <datafield tag="650" ind1="0" ind2="0">
   <subfield code="a">Economics</subfield>
   <subfield code="x">History</subfield>
   <subfield code="y">20th century.</subfield>
  </datafield>
  <datafield tag="650" ind1="0" ind2="0">
   <subfield code="a">Economics</subfield>
   <subfield code="x">History</subfield>
   <subfield code="y">21st century.</subfield>
  </datafield>
  <datafield tag="700" ind1="1" ind2=" ">
   <subfield code="a">Vane, Howard R.</subfield>
  </datafield>
  <datafield tag="700" ind1="1" ind2=" ">
   <subfield code="a">Mulhearn, Chris.</subfield>
  </datafield>
  <datafield tag="842" ind1=" " ind2=" ">
   <subfield code="a">Book</subfield>
  </datafield>
  <datafield tag="905" ind1=" " ind2=" ">
   <subfield code="a">FO</subfield>
  </datafield>
  <datafield tag="950" ind1=" " ind2=" ">
   <subfield code="a">Monograph</subfield>
  </datafield>
  <datafield tag="852" ind1="0" ind2=" ">
   <subfield code="a">UPD</subfield>
   <subfield code="b">DECON</subfield>
   <subfield code="h">HB 87 P56 2009 v.1</subfield>
  </datafield>
  <datafield tag="942" ind1=" " ind2=" ">
   <subfield code="a">Book</subfield>
  </datafield>
 </record>
</collection>
